000 00500nam a2200181 a 4500
001 1775634810174
003 YourLibrary
005 20260408132850.0
008 260408s2007##################000#0#eng##
020 _a9780754625186
082 0 4 _a348.026
_bCOG
100 1 _aCoglianese, Cary,
_eauthor.
245 1 0 _aRegulation and Regulatory Processes :
260 _bAshgate Publishing,
_c2007.
650 0 _aAdministrative procedure.
942 _cENGLISH
040 _aYourLibrary
_beng
_cYourLibrary
999 _c619108
_d619108